[Event "American Continental 13th"]
[Site "Medellin"]
[Date "2017.06.14"]
[Round "7"]
[White "Morovic Fernandez, Ivan"]
[Black "Ynojosa Aponte, Felix Jose"]
[Result "0-1"]
[WhiteElo "2537"]
[BlackElo "2395"]
[Annotator "Ynojosa,F/Macieja,B"]
[PlyCount "108"]
[EventDate "2017.06.10"]
[EventType "swiss"]
[EventRounds "11"]
[EventCountry "COL"]
[SourceTitle "CBM 180"]
[Source "ChessBase"]
[SourceDate "2017.09.13"]
[SourceVersion "1"]
[SourceVersionDate "2017.09.13"]
[SourceQuality "1"]

1. c4 c5 2. Nf3 Nc6 3. Nc3 e5 {!?} 4. g3 Nf6 5. Bg2 Be7 6. O-O d6 7. d3 h6 $1 {
[%csl Gd5] The d5-square is really weak, so ...h6! needs to be played to avoid
Bg5 with a trade of the bishop for the knight.} 8. a3 O-O 9. Rb1 a5 $1 {
Again, pretty forced, as b4 must be stopped.} 10. Ne1 $6 {White's plan is to
get with the knight to d5 via c2 and e3, but a faster way of trading the
knight from f6 is Nd2 followed by Ne4.} Be6 11. Nc2 d5 $1 {Now White is not in
time to control the d5-square.} 12. cxd5 Nxd5 13. Ne3 Nb6 {Taking the
a4-square under control.} (13... Nxe3 {was also possible} 14. Bxe3 (14. fxe3
Rb8 15. Qa4 f5 16. Bxc6 bxc6 17. Qxc6 Bb3 18. Qg2 c4) 14... Rc8) 14. b3 {
Preventing ...a4.} Rb8 {With an idea of ...Nd4 and in the future ...b5.} 15.
Nc4 $1 {White is fighting for the light squares.} Nd5 $1 16. Nxd5 Bxd5 17. Bh3
{Threatening Ne3.} ({After} 17. Bxd5 Qxd5 18. e4 {White would be able to get
with the knight to d5, but the knight would soon after be traded with ...Ne7.})
17... f6 $5 {I did not want to trade my light squared bishop, so I played ...
f6 to keep a solid position and to be able to retreat with the bishop to f7.} (
17... f5 18. Bb2 Qc7 {would soon lead to complications.}) 18. Ne3 {The
beginning of a strategically wrong plan.} (18. Bd2 $11) 18... Bf7 19. Nf5 Nd4
20. Nxe7+ Qxe7 $15 {White has a pair of bishops, but Black has a better pawn
structure.} 21. Bd2 b5 {Intending to play b4.} (21... b6 {with an idea to
consolidate the position, was another, more simple, good plan for Black.}) 22.
e3 (22. Bxa5 $2 b4 23. axb4 cxb4 $19 {[%csl Ra5]}) 22... Ne6 $6 {Giving the
opponent an opportunity to equalise.} (22... Nc6 23. Qc2 b4 24. a4 (24. Rfc1 $2
bxa3 $17) (24. axb4 Nxb4 25. Bxb4 Rxb4 26. Rfc1 Rfb8 $15) 24... Nd8 $1 25. Rfc1
Be6 26. Bxe6+ (26. Bg2 Rc8 $17) 26... Nxe6 $15) 23. f4 $2 ({White should have
played} 23. Bxa5 b4 24. Ra1 Rb5 25. axb4 cxb4 26. d4 exd4 27. exd4 (27. Bxe6
Bxe6 (27... Qxe6 28. Qxd4 Rfb8 $11) 28. Qxd4 Qb7 29. e4 f5 $1 $15) 27... Qb7 $5
28. Bg2 Qd7 29. d5 Nc5 30. Qc2 Bxd5 31. Rad1 $1 Bxb3 32. Qxb3+ Nxb3 33. Rxd7
Nxa5 34. Re1 Kh8 35. Ree7 Rg8 36. Bd5 Rgb8 37. Rxg7 Rxd5 $11) 23... b4 $1 {
Fixing the weakness on b3.} ({Another tempting plan was} 23... exf4 24. gxf4 c4
25. dxc4 bxc4 26. bxc4 Qxa3 {, but I didn't want to simplify the position.})
24. fxe5 fxe5 25. Bf5 (25. axb4 cxb4 $17) 25... g6 26. Be4 (26. Bxe6 Bxe6 27.
Rxf8+ Rxf8 28. axb4 cxb4 $1 {would lead to a clearly better position for Black.
}) 26... Ng5 $6 (26... bxa3 27. Ra1 Ng5 28. Rxa3 Nxe4 29. dxe4 c4 30. Rxa5 cxb3
31. Bc3 b2 $19) 27. Bg2 Be6 ({Again} 27... bxa3 {was good, even though White
had an intermediate move} 28. h4 $1) 28. axb4 axb4 $2 {It was much stronger to
take with the c-pawn, so you secure the g1-a7 diagpnal if White plays e4.} (
28... cxb4 $17 {should have been played, creating a pawn majority on the
queenside, opening the g1-a7 diagonal, and opening the c-file. If} 29. e4 $4 {
then} Qc5+ 30. Kh1 Nh3 31. Bxh3 Bxh3 32. Rxf8+ Rxf8 33. Qe2 Qc2 $19) 29. e4 $1
{Closing in one bishop, but opening the parh for the other!} Rxf1+ (29... Nh3+
30. Bxh3 Bxh3 31. Rxf8+ Rxf8 32. Qe2 h5 33. Be3 $11) 30. Qxf1 Bf7 $1 {Black
aims to put the knight on the d4 square, even at the cost of the pawn. It is a
much better try to win the game than the one connected with ...Rf8 and ...Nh3.}
31. h4 Ne6 32. Bxh6 Nd4 {I lose h5 but I going to gain b3 , so I thought if he
has not have something right away I am winning, and I did not think he hd
because I could always stop everything by playing ...Rf8 and challenging the
f-file.} 33. Bg5 Qd6 34. Rb2 $6 {White tries to bring the rook to the open
file, but Black is able to defend with trades. Even though the b3-pawn
couldn't be defended in the long term, it was important to make Black's rook
leave the king unprotected.} (34. Qd1 $1 Ra8 35. Rb2 Ra3 36. Rf2 Nxb3 37. Qf3
$132) 34... Bxb3 35. Rf2 Rf8 $1 36. Bf6 $4 {Even though the move looks logical,
as it avoids trades, White cannot develop an initiative fast enough.} ({
White should have gone for a slightly worse ending with} 36. Rxf8+ Qxf8 37.
Qxf8+ Kxf8 38. Kf2 $15) 36... Bc2 $1 {Simple, but efficient. The b-pawn is
unstoppable now.} 37. Bg5 (37. Bxe5 Rxf2 38. Bxd6 Rxf1+ 39. Kxf1 b3 $19) 37...
Rxf2 38. Kxf2 (38. Qxf2 Bxd3 $19) 38... b3 39. Bc1 Qb6 {From b6 the queen is
not only supporting the b-pawn, but also appears on the same diagonal as
White's king. A discovered check is coming!} 40. Bb2 c4 41. dxc4 Nf5+ $19 42.
Ke1 Ne3 43. Qe2 Qa5+ 44. Qd2 Nxg2+ 45. Ke2 Qxd2+ 46. Kxd2 Kf7 47. Bxe5 Ke6 48.
Bd4 Bxe4 49. Kc3 Bc2 50. Bf2 Kf5 51. c5 Kg4 52. c6 Kf3 53. c7 Bf5 54. Bc5 Be6
0-1

[Event "Jakarta"]
[Site "Jakarta"]
[Date "1996.??.??"]
[Round "?"]
[White "Gunawan, Ronny"]
[Black "Situru, Nathanael"]
[Result "1-0"]
[WhiteElo "2425"]
[BlackElo "2385"]
[Annotator "Yudasin,L"]
[PlyCount "71"]
[EventDate "1996.08.28"]
[EventType "tourn"]
[EventRounds "11"]
[EventCountry "INA"]
[EventCategory "10"]
[SourceTitle "CBM 057"]
[Source "ChessBase"]
[SourceDate "1997.04.01"]
[SourceVersion "1"]
[SourceVersionDate "1997.04.01"]
[SourceQuality "1"]

1. Nf3 c5 2. c4 Nf6 3. g3 d5 4. cxd5 Nxd5 5. Bg2 Nc6 6. Nc3 Nc7 7. O-O e5 8. d3
Be7 9. Be3 $5 {with the idea Nd2-Nc4-F4} O-O 10. Rc1 (10. Nd2 Nd4 11. Nc4 f6
12. f4 $13) 10... b6 (10... Bd7 11. Nd2 f5 $13 (11... Rb8)) 11. a3 f5 $6 (11...
Bd7 12. Nd2 f5 13. f4 exf4 14. Bxf4 Rc8 15. Nc4 Ne6 $13) 12. Ng5 $1 Bxg5 (12...
Bd7 13. Qb3+ Kh8 14. Bxc6 Bxc6 15. Nf7+ Rxf7 16. Qxf7 $16) 13. Bxg5 Qd6 $2 (
13... Qxg5 14. Bxc6 Rb8 15. b4 $36) 14. b4 $1 Rb8 (14... cxb4 15. Nb5 $18) 15.
bxc5 bxc5 16. Bd2 Bb7 17. Na4 Ne6 18. Nb2 $1 Rfd8 (18... Ncd4 19. Nc4 Qc7 20.
Ba5 Qe7 21. Nxe5) 19. Nc4 Qc7 20. Re1 Kh8 (20... Ned4 21. Bc3 {witht the idea
e3,also e3 immediately followed by Qc2 and Bc3 seems good for white}) 21. Qa4
Rbc8 (21... Ba8 22. Bc3 $16) 22. Rb1 Ba8 23. Qa6 Qe7 24. Bc3 Nf8 $8 25. Rb2 $1
Ng6 (25... Nd4 26. Bxa8 Rxa8 27. Rb7 Rd7 28. Rxd7 Nxd7 29. Qb7 $18) 26. Reb1 h6
(26... f4 $5) 27. Na5 $1 {Xg6} Qe6 28. Nb7 $18 Bxb7 $8 {Xc5,c6} 29. Rxb7 Qd6
30. Qc4 {threatening Qf7} Rd7 31. Rxd7 Qxd7 32. e3 {threatening Rb5} (32. Qxc5
$2 Nd4) 32... Kh7 33. h4 (33. Rb5 $18) 33... Nge7 34. Rb5 Nd4 $2 35. Rb7 Qd6 (
35... Qd8 36. Bb2) 36. exd4 {and black resigned since after 36...cxd4 white
has 37.Bb4} 1-0

[Event "Hoogovens"]
[Site "Wijk aan Zee"]
[Date "1997.01.19"]
[Round "2"]
[White "Yermolinsky, Alex"]
[Black "Timman, Jan H"]
[Result "1/2-1/2"]
[WhiteElo "2630"]
[BlackElo "2630"]
[Annotator "Yudasin,L"]
[PlyCount "35"]
[EventDate "1997.01.18"]
[EventType "tourn"]
[EventRounds "13"]
[EventCountry "NED"]
[EventCategory "16"]
[SourceTitle "CBM 057"]
[Source "ChessBase"]
[SourceDate "1997.04.01"]
[SourceVersion "1"]
[SourceVersionDate "1997.04.01"]
[SourceQuality "1"]

1. Nf3 Nf6 2. c4 c5 3. Nc3 Nc6 4. g3 d5 5. d4 cxd4 6. Nxd4 dxc4 7. Nxc6 Qxd1+
8. Nxd1 bxc6 9. Bg2 Nd5 10. Ne3 e6 11. Nxc4 Ba6 12. b3 Bb4+ 13. Bd2 Ke7 (13...
Bxd2+ 14. Kxd2 Bxc4 15. bxc4 Ne7 16. Rab1 O-O-O+ 17. Kc3 $14) 14. Rc1 Rhc8 {
the other rook make go to b8 some time that is way black has played Rhc8 the
idea is maybe Rab8 and c5} 15. Bxb4+ Nxb4 16. Na5 (16. a3 Bxc4 17. Rxc4 Nd5 {
with Rab8 and a5=}) 16... Nxa2 $1 17. Nxc6+ (17. Ra1 Nb4 18. Nxc6+ Rxc6 $1 (
18... Nxc6 19. Rxa6 $14) 19. Bxc6 Rc8 20. Rxa6 (20. Be4 f5 $1 21. Rxa6 $11)
20... Nxa6 21. Bb7 Rc1+ 22. Kd2 Rxh1 23. Bxh1 $11) 17... Kf6 18. Rc2 {and a
draw was agreed since after 18...Bb7 the position is a complete equal} (18. Ra1
Bb7 $11) 1/2-1/2

[Event "Cappelle op 28th"]
[Site "Cappelle la Grande"]
[Date "2012.03.07"]
[Round "6"]
[White "Zakhartsov, Viacheslav V"]
[Black "Lalic, Bogdan"]
[Result "1/2-1/2"]
[WhiteElo "2563"]
[BlackElo "2469"]
[Annotator "Zakhartsov,Vi"]
[PlyCount "79"]
[EventDate "2012.03.03"]
[EventType "swiss"]
[EventRounds "9"]
[EventCountry "FRA"]
[SourceTitle "CBM 147"]
[Source "ChessBase"]
[SourceDate "2012.03.16"]
[SourceVersion "1"]
[SourceVersionDate "2012.03.16"]
[SourceQuality "1"]

1. Nf3 Nf6 2. c4 c5 3. Nc3 d5 4. cxd5 Nxd5 5. d4 cxd4 6. Qxd4 Nxc3 7. Qxc3 Nc6
8. e4 e6 9. a3 Bd7 10. Be2 Rc8 11. O-O Na5 12. Qd3 Be7 {A rare move.} ({
Usually Black has played} 12... Ba4 13. Qxd8+ Rxd8 14. Be3 Nb3 15. Bd1 a6 (
15... b5 $2 16. Bxb3 Bxb3 17. Rfc1 {and Black is in trouble, Anand-Korchnoi,
Tilburg 1998.}) 16. Bxb3 Bxb3 17. Rac1 {with a better endgame for White.}) 13.
Be3 a6 14. Rac1 Rxc1 15. Rxc1 O-O 16. Ne5 $6 {Missing the lion's share of
advantage. This was connected with a miscalculation on the 19th move.} (16. b4
Nc6 17. e5 {would kept a stable advantage.}) 16... Ba4 17. Qxd8 Bxd8 18. b4 Nc6
19. Nd7 (19. Nxc6 Bxc6 20. f3 {would be slightly better.}) 19... Nd4 $1 {
Of course, otherwise Black loses a pawn after} (19... Re8 $2 20. Nc5) 20. Bxd4
Bxd7 21. e5 Bc6 22. f4 $6 (22. Bxa6 Bg5 23. Be3 Bxe3 24. fxe3 Bxg2 (24... Ra8 {
?!} 25. Be2 Rxa3 26. b5 Be8 27. Rc8 Kf8 28. Kf2 {, and b7 pawn falls}) 25. Kxg2
bxa6 26. Rc6 Ra8 27. h4 {with a better ending, although Black would kept good
drawing chances.}) 22... Bd5 23. Bc5 (23. b5 Ba5 $1 {threatening ...Bd2.} (
23... axb5 $2 24. Bc5 Re8 25. Bxb5)) 23... Re8 24. Kf2 f6 25. Bf3 fxe5 26. fxe5
Bh4+ 27. Ke2 Bxf3+ 28. Kxf3 Rc8 29. Rd1 Rd8 30. Bd6 Be7 31. Ke4 Kf7 32. Rd3 Rc8
33. Rf3+ Ke8 34. Rg3 g6 35. Rh3 Rc4+ 36. Kd3 Rh4 37. Bxe7 Rxh3+ 38. gxh3 Kxe7
39. h4 h6 40. Kd4 1/2-1/2

[Event "SWE-ch"]
[Site "Linkoping"]
[Date "2001.07.11"]
[Round "10"]
[White "Hillarp Persson, Tiger"]
[Black "Wedberg, Tom Birger"]
[Result "0-1"]
[WhiteElo "2438"]
[BlackElo "2505"]
[Annotator "Ziegler,A"]
[PlyCount "50"]
[EventDate "2001.06.30"]
[EventType "tourn"]
[EventRounds "13"]
[EventCountry "SWE"]
[EventCategory "8"]
[SourceTitle "CBM 085"]
[Source "ChessBase"]
[SourceDate "2001.11.13"]
[SourceVersion "1"]
[SourceVersionDate "2001.11.13"]
[SourceQuality "1"]

1. c4 c5 2. Nc3 Nc6 3. Nf3 Nf6 4. g3 d5 5. cxd5 Nxd5 6. Bg2 Nc7 7. Qa4 ({
Ett försiktigare spelsätt är:} 7. d3) 7... Bd7 {1988 spelade Sven Lindeman 7...
Qd7 mot Hillarp. Det anses inte lika bra. Även om Ulf har spelat det.} 8. Qe4
g6 9. Ne5 Bg7 10. Nxd7 Qxd7 11. h4 {Tiger styr kosan mot nya trakter.} (11. O-O
Ne6 12. d3 O-O 13. Bd2 Rac8 14. Rfd1 b6 15. Rab1 {Med lika chanser som i
Sorokin,M-Grosar,A, Bled 1992.}) 11... h5 {Tom vill inte ha några
obehagligheter på kungsflygeln.} 12. Qc4 Ne6 13. O-O O-O {[#] Ställningen är
svår att spela psykologiskt. Objektivt sett är det nog stenremi, men så vill
man skapa något ändå, för om man endast gör de anturliga dragen kommer man
inte att kunna överraska motståndaren.} 14. Rb1 Rab8 15. Bh3 f5 16. Bg2 Kh7 17.
d3 Ne5 18. Qd5 Qc8 19. Nb5 $6 {Tiger blir frestad av något:} ({Det var inget
fel på det enkla:} 19. Be3 {följt av Tfc1! vilket plågar den svarta damen
något.}) 19... a6 20. Na7 $6 Qd7 21. b4 Qxd5 22. Bxd5 Nd4 {Nu kan man se det
var dåligt att ställa springaren på a7. Nr ett: Den är inlåst. Nr två den
lämnar centrum. Hur kan en stormästare göra något sådant? Jag tror att vi får
se det som ett tecken i tiden. Idag betyder det konkreta beräknandet av
varianter allt mer. Man är beredd att bryta mot vilka axiom som helst så länge
som man inte ser något konkret. Men vissa varianter kan man inte räkna till
botten och då måste principerna få råda.} 23. Rb2 Rfd8 24. Bg2 c4 25. a3 cxd3 {
Tiger tyckte inte att det var roligt längre.} 0-1

[Event "SWE-ch"]
[Site "Linkoping"]
[Date "2001.07.02"]
[Round "2"]
[White "Hillarp Persson, Tiger"]
[Black "Agrest, Evgenij"]
[Result "1/2-1/2"]
[WhiteElo "2486"]
[BlackElo "2531"]
[Annotator "Ziegler,A"]
[PlyCount "50"]
[EventDate "2001.06.30"]
[EventType "tourn"]
[EventRounds "13"]
[EventCountry "SWE"]
[EventCategory "8"]
[SourceTitle "CBM 085"]
[Source "ChessBase"]
[SourceDate "2001.11.13"]
[SourceVersion "1"]
[SourceVersionDate "2001.11.13"]
[SourceQuality "1"]

1. c4 c5 2. Nc3 e6 3. g3 $6 d5 $1 {Enligt Tiger står svart redan lite bättre.}
4. d3 ({Frågan är hur man skall rädda upp det. En fördröjd Schara-Henning
verkar ju osäkert:} 4. cxd5 exd5 5. d4 cxd4 6. Qxd4 Nf6 7. Bg5 Nc6 8. Qh4 Be7 {
Och damen står riktigt sjukt på h4.}) 4... d4 5. Ne4 {Tiger kör med lite
skummissar istället. Huvudhotet är ...f5 och det är det Tiger hela tiden måste
ha ett bra svar på.} Nc6 (5... f5 6. Ng5 Nf6 7. f4 {Var planen om jag minns
rätt.}) 6. Bg2 Be7 (6... f5 7. Ng5) 7. g4 {[#] Nu gick det inte att förhindra .
..f5 längre så Tiger tog till drastiska medel.} f5 {Men f5 kommer ändå!} 8.
gxf5 exf5 9. Nd2 Nf6 10. Nh3 {Springaren vill till d5.} Qc7 11. Nf3 Bd6 12. e3
O-O 13. O-O Bd7 ({Evgenij hade också kunnat terrorisera med:} 13... Ng4 14. Nf4
Re8 15. Re1 Bxf4 16. exf4 Rxe1+ 17. Qxe1 Bd7 {Och den vita befolkningen kommer
att plågas. Partifortsättningen är bättre.}) 14. Nf4 Bxf4 15. exf4 Rae8 16. a3
{Tiger låtsas uppenbarligen att det regnar.} a5 {Det fanns ingen anledning att
tillåta b4.} 17. Bd2 Kh8 {Svart demonstrerar sin styrka. Kungen skickar bud
till fiendelägret. Försök! Kom igen!} (17... Nh5 $6 18. Ne5 Nxf4 $2 19. Nxd7)
18. Re1 Rxe1+ 19. Qxe1 Re8 20. Qd1 Bc8 {Svart tar det lite väl försiktigt. Men
vits ställning är seg och jag har svårt att finna meningsfulla minioperationer.
} 21. Rb1 Qd6 22. h3 b6 23. Qf1 Bd7 {Jag förstod aldrig Lc8 men nu börjar det
klarna :-)} 24. Re1 Re7 25. Ne5 Kg8 {Evgenij kände nog att det inte var hans
dag och bjöd remi. Tiger hade inte heller imponerat så det var lika bra att ta
hand för att komma igen imorgon.} 1/2-1/2

[Event "RUS-ch"]
[Site "Elista"]
[Date "1996.??.??"]
[Round "3"]
[White "Zvjaginsev, Vadim"]
[Black "Ulybin, Mikhail"]
[Result "1-0"]
[WhiteElo "2590"]
[BlackElo "2550"]
[Annotator "Zvjaginsev,V"]
[PlyCount "53"]
[EventDate "1996.10.15"]
[EventType "swiss"]
[EventRounds "11"]
[EventCountry "RUS"]
[SourceTitle "CBM 056"]
[Source "ChessBase"]
[SourceDate "1997.02.01"]
[SourceVersion "1"]
[SourceVersionDate "1997.02.01"]
[SourceQuality "1"]

1. Nf3 {Chekhov Ribli} Nf6 2. c4 c5 3. Nc3 e6 (3... Nc6 {Ribli} 4. e3 e5 5. d4
cxd4 6. exd4 e4 7. Ng5 Bb4 {Identische Stellung mit der Partiestellung nach 8.
Bb5 (mit vertauschten Farben).}) 4. e4 Nc6 5. Be2 d5 6. cxd5 (6. exd5 $5 {Ribli
} exd5 7. d4 (7. d4 {Chekhov} Be6 8. Be3 dxc4 9. O-O cxd4 10. Nxd4 Nxd4 11.
Bxd4 Be7 12. Qa4+ Qd7 13. Qxd7+ Bxd7 14. Bxc4 O-O 15. Nd5 $14 {Bologan,
V-Brenninkmeijer,J/New York/1993/0,5/42/})) 6... exd5 7. e5 Ng4 (7... Nd7 8.
Bb5 Nb6 9. O-O Be7 10. d4 $14) (7... Ne4 $1 8. O-O Be7 $10) 8. Bb5 {Ribli: [#]
Ein interessantes Bild. Weiß spielt mit Schwarz, und Schwarz spielt Weiß. Wie
ist das möglich? Antwort siehe Variante 3...Nc6: Wenn Schwarz anstatt 3...e6 3.
..Nc6 spielt, kann die Folge 4.e3 e5 5.d4 cxd4 6.exd4 e4 7.Ng5 lauten. In
diesem Falle spielt Schwarz 8...Bf8-b4 in einem Zug! Wir haben jetzt dieselbe
Stellung auf dem Brett, denn Weiss hat sein Anzugstempo mit Be2-Bb5 verloren.}
d4 9. Bxc6+ $1 {N/} (9. Ne4 {Ribli} Qb6 (9... Qd5 {Chekhov} 10. d3 Be7 11. O-O
Ngxe5 12. Nxe5 Qxe5 13. f4 Qc7 14. f5 $44 {Stavru,A-Drei,A/Forli/1992/38/}) 10.
a4 {Ribli: wurde in der Partie Gelfand -Kasparov gespielt, Dos Hermanas 1996,
jedoch mit vertauschten Farben.}) 9... bxc6 10. Na4 Ba6 (10... Qd5 $5 {Ribli})
(10... Be7 {Ribli}) (10... Qd5 {Chekhov} 11. O-O Be7 12. Re1 O-O 13. h3 Nh6 14.
d3 Nf5 15. b3 $22 Ba6 16. Ba3 Bb5 17. Nb2 a5 18. Rc1 $16) 11. d3 (11. h3 $2
Nxe5 $1 12. Nxe5 Qe7 13. f4 $2 Qh4+) 11... Qa5+ $6 {Ribli: Schwarz ist
konsequent, aber Weiß gibt einfach seinen schlechten Bauern auf d3.} (11... c4
12. O-O (12. h3 $6 Nxe5) 12... cxd3 13. Ng5 (13. h3 d2 $2 (13... Nh6 $1 14.
Bxh6 gxh6 15. e6 Qd5 $5 $132) 14. Bxd2 Bxf1 15. Qxf1 Nh6 16. Bxh6 gxh6 17. Rd1
c5 18. b4 $1 Rc8 19. Qa6 Qd7 20. e6 fxe6 21. Ne5 $18) (13. Re1 $5 Qd5 $8 14. h3
Nh6 15. e6 f6 $13) (13. e6 $1 fxe6 (13... Be7 14. h3 Nf6 15. Ng5 $1 (15. exf7+
Kxf7 16. Ne5+ Kf8 17. Nxd3 Bxd3 18. Qxd3 Qd5 $14) 15... Qd5 16. exf7+ Kd7 17.
Re1 $16) (13... f5 14. Bg5 $1 $16) (13... f6 14. Nh4 $40) 14. Ng5 Nf6 15. Nxe6
$16) 13... d2 $2 (13... Nxe5 $6 14. Re1 f6 15. Ne6 (15. f4 fxg5 16. Rxe5+ Be7
$13) 15... Qc8 16. Rxe5 $1 fxe5 17. Qh5+ Ke7 18. Nac5 Bc4 19. Nxd4 $40) (13...
Nh6 $1 14. e6 d2 $8 (14... f6 $2 15. e7 $1 Bxe7 16. Ne6 $18) 15. Bxd2 Bxf1 16.
Qxf1 (16. exf7+ Nxf7 17. Ne6 Qc8 18. Qxf1 Qxe6 19. Re1 Ne5 20. f4 Bd6 $17)
16... Qd5 $1 17. Re1 Qb5 $17) 14. Bxd2 Bxf1 15. Qxg4 Bc4 (15... Bb5 16. e6 f6
17. Nf7 Qd5 18. Nxh8 Bxa4 19. Re1 $16) 16. e6 $16) 12. Bd2 Qb5 (12... Qc7 13.
O-O Bxd3 14. Re1 $16) 13. O-O (13. h3 $4 Qxd3 $19) 13... Qxd3 14. Re1 $16 O-O-O
(14... Be7 $5 {Chekhov} 15. Rc1 $22 c4 16. h3 Nh6 17. Bxh6 gxh6 18. Nxd4 $16)
15. h3 (15. Ng5 $2 Qf5) (15. Rc1 $6 Rd5 $13) 15... Nh6 {[#]} 16. e6 $1 fxe6 17.
Ne5 (17. Rxe6 {Chekhov} Bb5 $22 18. Ne5 Qf5) 17... Qb5 (17... Qf5 18. g4 Qf6
19. g5 $18) 18. Bxh6 gxh6 19. Nf7 Rg8 20. Nxd8 Kxd8 21. Qf3 (21. Rxe6 $6 $132)
21... Be7 (21... Qxa4 22. Qf7 Rh8 23. Qf6+ $18) 22. Rxe6 Bc8 (22... Qxa4 {Ribli
} 23. Qf7 (23. Rxe7 Kxe7 24. Re1+ Kd8 25. Qf6+ Kc7 26. Qf7+ Kb6 27. Qxg8 d3 28.
Qd8+ $18) 23... Re8 24. Rae1 $18 (24. Rae1 {Chekhov} Bc4 $19)) 23. Rxe7 Kxe7
24. Re1+ Be6 (24... Kd8 {Chekhov} 25. Qf6+ Kc7 26. Qf7+ $18) 25. Qf5 Rg6 26.
Nxc5 Qc4 27. b3 (27. b3 {Ribli} Qd5 28. Qxd5 cxd5 29. Kf1 Kd6 30. Nxe6 Rxe6 31.
Rxe6+ Kxe6 32. Ke2 {Ribli: ist das Bauernendspiel leicht gewonnen.}) 1-0